000
00288nam a2200109Ia 4500
008
200302s9999 xx 000 0 und d
100
_a
Pawlitschko Dipl
245
_a
Detail engineering Schaech Berger Mann und partner
260
_b
Dokumntation Gmbh & Co.
260
_c
2011
300
_a
136
999
_c
6183
_d
6183